| 000 | 00586nam a2200217Ia 4500 | ||
|---|---|---|---|
| 003 | LK-CoDNM | ||
| 008 | 010623t2004 xxu||||| |||| 00| 1 sin d | ||
| 040 |
_aLK-CoDNM _dLK-CoDNM _eLK-CoDNM |
||
| 041 | _asin | ||
| 080 | _a294.3NAR | ||
| 100 | _aNarada Himi,Kalugamuwe | ||
| 245 | _aසිත නිවන බුදු බණ | ||
| 246 | _aSitha Niwana Budu Bana | ||
| 260 |
_bUdaya Printers _sGanemulla _c2004 |
||
| 300 | _b144p., 21 cm | ||
| 650 | _aBuddhism | ||
| 650 | _aMeditation | ||
| 650 | _aSatipattana,Karaneeya Metta Sutra | ||
| 700 | _aPerera,J.A.D. | ||
| 942 | _cBK | ||
| 999 |
_c124217 _d124217 |
||